Sobre la propiedad: notas intoductorias /
Ahonda en el tema de la propiedad, enfatizando en aspectos como la localización de la misma, qué se entiende por propiedad, cuál es la importancia o significación de ésta y a su vez las confusiones más usuales que emergen en torno a la categoría de propiedad. La propiedad es vista como un fenómeno d...
Enregistré dans:
| Auteur principal: | |
|---|---|
| Format: | Texte |
| Sujets: | |
| Tags: |
Ajouter un tag
Pas de tags, Soyez le premier à ajouter un tag!
|
MARC
| LEADER | 00000 a a2200000 04500 | ||
|---|---|---|---|
| 001 | 42307 | ||
| 003 | |||
| 040 | |||
| 100 | |a Valenzuela Feijóo, José C | ||
| 245 | |a Sobre la propiedad: |b notas intoductorias / |c José C Valenzuela Feijóo | ||
| 520 | |a Ahonda en el tema de la propiedad, enfatizando en aspectos como la localización de la misma, qué se entiende por propiedad, cuál es la importancia o significación de ésta y a su vez las confusiones más usuales que emergen en torno a la categoría de propiedad. La propiedad es vista como un fenómeno de la realidad social, por ello la investigación va dirigida a orientar y facilitar los propósitos sociales que giran en torno a la modificación de este particular fenómeno social. La propiedad es sin duda, un tema polémico y en torno al cual se suscitan fuertes pasiones. La propiedad se concibe como parte de un fenómeno económico y social, el cual afecta las formas de la distribución, el cambio y el consumo; además deja huellas evidentes en la institucionalidad política y cultural. La propiedad tiene sus raíces en la subsistencia económica en la producción y como tal abarca la realidad social. Se dan visiones de importantes ideólogos como Marx, Platón, Cicerón, Adam Smith, David Ricardo y Milton Friedman, entre otros. En síntesis, se da una visión bastante completa de la definición de propiedad y de la forma que ésta afecta a la sociedad en la cual se encuentra inserta dependiendo del modo de producción. OB/LOB | ||
| 650 | |a PAISES EN DESARROLLO | ||
| 650 | |a PROPIEDAD DE LA TIERRA | ||
| 650 | |a PROBLEMAS SOCIALES | ||
| 650 | |a CONDICIONES DE VIDA | ||
| 650 | |a GRUPO DE INTERESES | ||
| 650 | |a MARGINALIDAD | ||
| 650 | |a PODER POLITICO | ||
| 650 | |a CLASES SOCIALES | ||
| 773 | |g volumen27, número104 ( , 1996), páginas 173-201 | ||
| 999 | |c 38635 |d 38635 | ||
